000 01691nam a2200277Ia 4500
999 _c56584
_d56584
001 23698
003 GE_BSU
005 20260325165946.0
008 181216s1979||||ge |||||||||||||| ||geo||
040 _cGE_BSU
041 _ageo
080 _a930(479.22) + 94(479.22)(09) ჯ-14
100 _aჯავახიშვილი, ი. (ივანე, 1876-1940)
_911800
245 _aთხზულებანი : 12 ტომად. ტ. 1 :
_bქართველი ერის ისტორია. წ. 1. უძველესი დროიდან ჩვ. წ. აღრ. VII ს-მდე /
_cი. ჯავახიშვილი ; რედ. დ. ჩხიკვიშვილი, ტომის რედ. ვ. გაბაშვილი ; საქ. სსრ მეცნ. აკადემია, თბილისის სახ. უნ-ტი.
264 _aთბილისი :
_bთბილ. უნ-ტის გამ-ბა,
_c1979.
300 _a459 გვ. :
_bპორტრ. ;
_c26 სმ.
500 _aსაძიებლები : გვ. 434-454
541 _h3ლ. 90თ.
653 _aთხზულებანი : 12 ტომად
653 _aტ. 1 : ქართველი ერის ისტორია
653 _aუძველესი დროიდან ჩვ. წ. აღრ. VII ს-მდე
653 _aქართული ისტორიოგრაფია
700 _a ჩხიკვიშვილი, დ.
_eმთავ. რედაქტორი
_927214
700 _aგაბაშვილი, ვ.
_eტომის რედაქტორი
_927215
942 _cBK
_2udc